000 00506pab a2200181 454500
008 180718b2000 xxu||||| |||| 00| 0 eng d
100 _aBrinton, Mary C.
245 _aSocial capital in the Japanese youth labour market: labour market policy, schools and norms
260 _c2000
300 _ap.289-306
362 _aDec
650 _aSocial capital - Japan
650 _aYouth - Japan
650 _aLabour market - Japan
650 _aLabour market
773 _aPolicy Sciences
909 _a48406
999 _c48406
_d48406